| 000 | 00398nam a2200145Ia 4500 | ||
|---|---|---|---|
| 008 | 240624s9999 xx 000 0 und d | ||
| 041 | _aeng | ||
| 082 | _a658.403801 LAU | ||
| 100 | _aLAUDON KENNETH C | ||
| 245 | _aMANAGEMENT INFORMATION SYSTEMS MANAGING | ||
| 250 | _a(10th ed.) | ||
| 260 |
_c2008 _aNew Delhi _bPrentice-Hall of India |
||
| 300 | _axxxiii, : 645 : p. : cm. ; 27 | ||
| 365 |
_cRS _b36 |
||
| 999 |
_c9365 _d9365 |
||